[Event "Kaupthing op-B 1st"]
[Site "Differdange"]
[Date "2007.07.11"]
[Round "6"]
[White "Berchem Lux, Stephane"]
[Black "Gambucci, Daniela"]
[Result "0-1"]
[WhiteElo "1200"]
[BlackElo "1377"]
[PlyCount "98"]
[EventDate "2007.07.08"]
[EventType "swiss"]
[EventRounds "9"]
[EventCountry "LUX"]
[SourceTitle "EXT 2008"]
[Source "ChessBase"]
[SourceDate "2007.11.25"]
[SourceVersion "1"]
[SourceVersionDate "2007.11.25"]
[SourceQuality "1"]

1. e4 c6 2. Nf3 d5 3. Nc3 dxe4 4. Nxe4 Nf6 5. Nxf6+ exf6 6. d4 Bg4 7. Be2 Bxf3 8. Bxf3 Be7 9. 0-0 Nd7 10. d5 Ne5 11. Be4 Rc8 12. dxc6 Nxc6 13. Bxc6+ Rxc6 14. Qxd8+ Bxd8 15. Re1+ Re6 16. Bd2 0-0 17. Re3 Rfe8 18. Rae1 Bb6 19. Rxe6 fxe6 20. Be3 Bxe3 21. Rxe3 e5 22. f3 Rd8 23. c3 Rd2 24. b4 Rxa2 25. Rd3 b6 26. Rd8+ Kf7 27. Rd7+ Kg6 28. g4 Ra3 29. Rc7 a5 30. bxa5 bxa5 31. h4 h6 32. Kg2 Ra2+ 33. Kg3 a4 34. Rc4 a3 35. Ra4 Ra1 36. Kg2 Ra2+ 37. Kg3 h5 38. Kh3 Ra1 39. Kg2 a2 40. g5 Kf5 41. Ra7 fxg5 42. hxg5 g6 43. Ra5 Kf4 44. c4 e4 45. fxe4 Kxe4 46. c5 Kd5 47. Kf3 Kc6 48. Ke2 Rg1 49. Rxa2 Rxg5 0-1

[Event "LUX-chABC"]
[Site "Dudelange"]
[Date "1997.04.05"]
[Round "8.39"]
[White "Kessler, Lucien"]
[Black "Gambucci, Daniela"]
[Result "1-0"]
[WhiteElo "1570"]
[BlackElo "1490"]
[PlyCount "98"]
[EventDate "1997.03.29"]
[EventType "swiss"]
[EventRounds "9"]
[EventCountry "LUX"]
[SourceTitle "EXT 2013"]
[Source "ChessBase"]
[SourceDate "2012.11.22"]
[SourceVersion "1"]
[SourceVersionDate "2012.11.22"]
[SourceQuality "1"]

1. e4 d6 2. d4 c6 3. f4 Nd7 4. Nf3 Qc7 5. Bd3 g6 6. Be3 Bg7 7. Nc3 Nh6 8. Qd2 Nb6 9. h3 0-0 10. f5 Nxf5 11. exf5 e6 12. fxe6 fxe6 13. 0-0-0 e5 14. dxe5 dxe5 15. Bh6 Nd5 16. Bc4 Be6 17. Bxg7 Kxg7 18. Nxd5 cxd5 19. Bxd5 Rad8 20. Ng5 Bxd5 21. Qxd5 Kh6 22. Ne6 Rxd5 23. Nxc7 Rc5 24. Ne6 Rxc2+ 25. Kxc2 Rc8+ 26. Kb1 Re8 27. Rd6 Re7 28. Re1 Rf7 29. Re4 Rf1+ 30. Kc2 Rf2+ 31. Kb3 Kh5 32. Rxe5+ Kh4 33. Rd4+ Kg3 34. Rg5+ Kh2 35. Nf4 b6 36. Nd3 Rd2 37. Kc3 Rd1 38. h4 Ra1 39. Nf2 Rc1+ 40. Kd2 Ra1 41. Rd3 Rxa2 42. Ng4+ Kg1 43. Kc2 Ra1 44. Rgd5 Rf1 45. Rd2 Rf4 46. Rd1+ Kxg2 47. R5d2+ Kg3 48. Nh6 Kxh4 49. Rh2+ Kg3 1-0

[Event "LUX-chABC"]
[Site "Dudelange"]
[Date "1997.04.02"]
[Round "5.39"]
[White "Jeitz, Francis"]
[Black "Gambucci, Daniela"]
[Result "1-0"]
[WhiteElo "1520"]
[BlackElo "1490"]
[PlyCount "115"]
[EventDate "1997.03.29"]
[EventType "swiss"]
[EventRounds "9"]
[EventCountry "LUX"]
[SourceTitle "EXT 2013"]
[Source "ChessBase"]
[SourceDate "2012.11.22"]
[SourceVersion "1"]
[SourceVersionDate "2012.11.22"]
[SourceQuality "1"]

1. e4 d6 2. d4 c6 3. Nf3 Nd7 4. Nc3 Qc7 5. d5 g6 6. dxc6 bxc6 7. Bc4 Ngf6 8. Bd3 e5 9. 0-0 Bg7 10. Bd2 0-0 11. h3 Ne8 12. Qc1 Nb6 13. Bh6 f5 14. exf5 Bxf5 15. Bxf5 Rxf5 16. Bxg7 Kxg7 17. Ng5 Qe7 18. Nge4 Nf6 19. Ng3 Rf4 20. Re1 Nfd5 21. Nge4 Nxc3 22. Nxc3 Qf7 23. Qd2 Nd5 24. Ne4 Qe7 25. g3 Rf3 26. Qe2 Raf8 27. Rf1 g5 28. c4 Nc7 29. Qd2 d5 30. Qxg5+ Qxg5 31. Nxg5 R3f5 32. h4 dxc4 33. Rac1 h6 34. Ne4 Rb8 35. Rc2 Nd5 36. Nd6 Nb4 37. Nxf5+ Kf6 38. Rxc4 Kxf5 39. a3 Nd3 40. Rxc6 Rb6 41. Rxb6 axb6 42. b4 Ke4 43. Rb1 Kf3 44. a4 e4 45. Rb3 Ke2 46. a5 Nxf2 47. axb6 Nh3+ 48. Kg2 Nf2 49. b7 Nd3 50. b8Q e3 51. Qc8 Kd2 52. Qc3+ Kd1 53. Qxd3+ Kc1 54. Qxe3+ Kc2 55. Qc3+ Kd1 56. Qb2 Ke1 57. Rf3 Kd1 58. Rf1# 1-0

[Event "LUX-chABC"]
[Site "Dudelange"]
[Date "1997.03.29"]
[Round "1.36"]
[White "Kessler, Armand"]
[Black "Gambucci, Daniela"]
[Result "1-0"]
[WhiteElo "1840"]
[BlackElo "1490"]
[PlyCount "37"]
[EventDate "1997.03.29"]
[EventType "swiss"]
[EventRounds "9"]
[EventCountry "LUX"]
[SourceTitle "EXT 2013"]
[Source "ChessBase"]
[SourceDate "2012.11.22"]
[SourceVersion "1"]
[SourceVersionDate "2012.11.22"]
[SourceQuality "1"]

1. e4 d6 2. d4 c6 3. Bc4 Nd7 4. f4 e5 5. dxe5 dxe5 6. Nf3 Qc7 7. fxe5 Nxe5 8. Nxe5 Qxe5 9. 0-0 Nf6 10. Kh1 g6 11. Nc3 Bg7 12. Bf4 Qh5 13. Qd6 Bd7 14. e5 Ng4 15. Bxf7+ Kxf7 16. Qxd7+ Kg8 17. Qe6+ Kf8 18. Bh6+ Nf6 19. Bxg7+ 1-0